Statistics for Old Norse Names for Places (hard)

Click here to take the quiz!

General Stats

  • This quiz has been taken 27 times
    (16 since last reset)
  • The average score is 8 of 18

Answer Stats

HintAnswer% Correct
YorkJórvik
64%
NorwayNoregr
64%
North AmericaVinland
64%
FranceFrakkland
55%
NovgorodHolmgarðr
55%
SwedenSvíþjóð
55%
AfricaBláland
45%
DenmarkDanmǫrk
45%
DublinDyflín
45%
RussiaGarðariki
45%
JerusalemJorsálaborg
45%
IstanbulMiklagarðr
45%
SicilySikiley
45%
KievKönugarðr
36%
Germany (northern part)Saksland
36%
LondonLundúnaborg
27%
LabradorMarkland
27%
Strait of GibraltarNorvasund
27%

Score Distribution

Percentile by Number Answered

Percent of People with Each Score

Your Score History

You have not taken this quiz since the last reset